ბათუმის შოთა რუსთაველის სახელმწიფო უნივერსიტეტის ბიბლიოთეკა

Atlas of pediatric oral and dental developmental anomalies / (ბიბ.ჩანაწერი № 63285)

000 -LEADER
fixed length control field 01094nam a22002297a 4500
005 - DATE AND TIME OF LATEST TRANSACTION
control field 20250723132713.0
008 - FIXED-LENGTH DATA ELEMENTS--GENERAL INFORMATION
fixed length control field 250723s2019 en ||||| |||| 00| 0 eng d
020 ## - INTERNATIONAL STANDARD BOOK NUMBER
International Standard Book Number 9781119380856 X
041 ## - LANGUAGE CODE
Language code of text/sound track or separate title eng
080 ## - UNIVERSAL DECIMAL CLASSIFICATION NUMBER
Universal Decimal Classification number 616-053.2 A-61
100 ## - MAIN ENTRY--PERSONAL NAME
Personal name Ansari, Ghassem
Dates associated with a name Author
9 (RLIN) 25682
245 ## - TITLE STATEMENT
Title Atlas of pediatric oral and dental developmental anomalies /
Statement of responsibility, etc. Ghassem Ansari, Mojtaba Vahid Golpayegani, Richard R. Welbury.
264 ## - PRODUCTION, PUBLICATION, DISTRIBUTION, MANUFACTURE, AND COPYRIGHT NOTICE
Place of production, publication, distribution, manufacture Hoboken, NJ :
Name of producer, publisher, distributor, manufacturer Wiley-Blackwell,
Date of production, publication, distribution, manufacture, or copyright notice 2019.
300 ## - PHYSICAL DESCRIPTION
Extent 122p.:
Other physical details ill;
Dimensions 24 cm.
500 ## - GENERAL NOTE
General note Includes bibliographical references and index
653 ## - INDEX TERM--UNCONTROLLED
keyword Mouth Abnormalities--diagnosis Mouth Abnormalities--etiology Tooth Abnormalities--diagnosis Tooth Abnormalities--etiology Child Adolescent
653 ## - INDEX TERM--UNCONTROLLED
keyword ბავშვთა პირის ღრუს და კბილების განვითარების ანომალიების ატლასი
653 ## - INDEX TERM--UNCONTROLLED
keyword სტომატოლოგია
700 ## - ADDED ENTRY--PERSONAL NAME
Personal name Golpayegani, Mojtaba Vahid,
Relator term Author
9 (RLIN) 25683
700 ## - ADDED ENTRY--PERSONAL NAME
Personal name Welbury, Richard
Relator term Author
9 (RLIN) 14599
942 ## - ADDED ENTRY ELEMENTS (KOHA)
Source of classification or shelving scheme
Koha item type წიგნი
ეგზემპლარები
Withdrawn status Lost status Source of classification or shelving scheme Damaged status Not for loan Permanent Location Current Location Shelving location Date acquired Cost, normal purchase price Full call number Barcode Date last seen Copy number Price effective from Koha item type Public note
          ბათუმის შოთა რუსთაველის სახელმწიფო უნივერსიტეტის მთავარი ბიბლიოთეკა ბათუმის შოთა რუსთაველის სახელმწიფო უნივერსიტეტის მთავარი ბიბლიოთეკა წიგნსაცავი 2025-07-23 234.00 616-053.2 A-61 72167 2025-07-23 72167 2025-07-23 წიგნი 234.00
          ბათუმის შოთა რუსთაველის სახელმწიფო უნივერსიტეტის მთავარი ბიბლიოთეკა ბათუმის შოთა რუსთაველის სახელმწიფო უნივერსიტეტის მთავარი ბიბლიოთეკა წიგნსაცავი 2025-07-23 234.00 616-053.2 A-61 72168 2025-07-23 72168 2025-07-23 წიგნი 234.00